00451nam a22001457a 4500003000400000008004100004082001900045100002400064245011900088260004500207300000900252502001500261650002000276650000900296OSt260416b |||||||| |||| 00| 0 eng d a581.2326bR95E aRoy, Jitendra Kumar aEpidemiology and Management of White Rust of Rapeseed and Mustrard caused by Albugo candida (Pers. ex Lev.) Kuntze aPusa, SamastiapurbRAU, Samastipurc2007 a41P. bMsc.d2007 aPlant Pathology aMsc.